Guess the Fusion Rock Song Lyrics #301 - Statistics

General Stats
  • This quiz has been taken 13 times
  • The average score is 187 of 229
Answer Stats
Answer % Correct
a
100%
But
100%
I
100%
I'm
100%
it
100%
It
100%
it's
100%
It's
100%
the
100%
to
100%
too
100%
we
100%
We
100%
you
100%
You
100%
And
92%
and
92%
be
92%
can
92%
can't
92%
do
92%
for
92%
in
92%
is
92%
just
92%
me
92%
no
92%
No
92%
Oh
92%
One
92%
were
92%
don't
83%
had
83%
how
83%
late
83%
make
83%
now
83%
Now
83%
of
83%
so
83%
what
83%
with
83%
baby
75%
Carole King
75%
did
75%
feel
75%
has
75%
here
75%
like
75%
really
75%
something
75%
Something
75%
us
75%
all
67%
knew
67%
loved
67%
there
67%
Though
67%
try
67%
fake
58%
fool
58%
once
58%
or
58%
time
58%
together
58%
again
50%
died
50%
easy
50%
good
50%
hide
50%
inside
50%
light
50%
living
50%
maybe
50%
stay
50%
There's
50%
trying
50%
used
50%
wrong
50%
bed
42%
darlin
42%
denying
42%
glad
42%
look
42%
morning
42%
Stayed
42%
Still
42%
stopped
42%
breezy
33%
pass
33%
There'll
33%
times
33%
unhappy
25%
changing
17%
No matching quizzes found
Score Distribution
Percent of People with Each Score
Percentile by Number Answered
Your Score History
You have not taken this quiz